R. Greennough Nemzetközi nevelésügyi év : (Why International Education Year?) Unesco Chronicle, 1969. 4. szám, 125—129.0. /

Elmentve itt :
Bibliográfiai részletek
Szerző: Szabó Márta
Dokumentumtípus: Cikk
Megjelent: 1970
Sorozat:Magyar pedagógia : a Magyar Tudományos Akadémia Pedagógiai Bizottságának folyóirata 70 No. 1
Kulcsszavak:Greenough, Richard, Oktatásügy nemzetközi jelentés, Nemzetközi Nevelésügyi Év
Online Access:http://misc.bibl.u-szeged.hu/12302
LEADER 00819nab a2200181 i 4500
001 misc12302
005 20191106141613.0
008 170607s1970 hu o 0|| hun d
022 |a 0025-0260 
040 |a SZTE Miscellanea Repozitórium  |b hun 
041 |a hun 
100 1 |a Szabó Márta 
245 1 0 |a R. Greennough  |h [elektronikus dokumentum] :  |b Nemzetközi nevelésügyi év : (Why International Education Year?) Unesco Chronicle, 1969. 4. szám, 125—129.0. /  |c  Szabó Márta 
260 |c 1970 
300 |a 112-113 
490 0 |a Magyar pedagógia : a Magyar Tudományos Akadémia Pedagógiai Bizottságának folyóirata  |v 70 No. 1 
695 |a Greenough, Richard, Oktatásügy nemzetközi jelentés, Nemzetközi Nevelésügyi Év 
856 4 0 |u http://misc.bibl.u-szeged.hu/12302/1/mp_1970_001_4793_112-113.pdf  |z Dokumentum-elérés